Normal view
MARC view
- Butt, N. M, Butt, Waqar . A
Entry Personal Name
001 - CONTROL NUMBER
- control field: 65132
003 - CONTROL NUMBER IDENTIFIER
- control field: NUST
005 - DATE AND TIME OF LATEST TRANSACTION
- control field: 20210628203403.0
008 - FIXED-LENGTH DATA ELEMENTS
- fixed length control field: 210628|| aca||aabn | a|a d
040 ## - CATALOGING SOURCE
- Original cataloging agency: NUST
- Transcribing agency: NUST
100 ## - HEADING--PERSONAL NAME
- Personal name: Butt, N. M, Butt, Waqar . A
670 ## - SOURCE DATA FOUND
- Source citation: Work cat.: (NUST): Butt, N. M, Butt, Waqar . A, Young pakistani scholars, meet nobel prize winners in lindau (germany), 2005
